<?xml version="1.0" encoding="UTF-8"?>
<collection xmlns="http://www.loc.gov/MARC21/slim">
  <record>
    <leader>00000nam  2200000   4500</leader>
    <controlfield tag="001">INLIS000000000018654</controlfield>
    <controlfield tag="005">20241204091653</controlfield>
    <datafield tag="035" ind1="#" ind2="#">
      <subfield code="a">0010-1224000025</subfield>
    </datafield>
    <controlfield tag="007">ta</controlfield>
    <controlfield tag="008">241204################g##########0#ind##</controlfield>
    <datafield tag="020" ind1="#" ind2="#">
      <subfield code="a">979 518 077 0</subfield>
    </datafield>
    <datafield tag="082" ind1="#" ind2="#">
      <subfield code="a">658.8</subfield>
    </datafield>
    <datafield tag="084" ind1="#" ind2="#">
      <subfield code="a">658.8 REW s</subfield>
    </datafield>
    <datafield tag="100" ind1=" " ind2="#">
      <subfield code="a">Rewoldt, S.H.</subfield>
    </datafield>
    <datafield tag="245" ind1="1" ind2="#">
      <subfield code="a">Strategi Promosi Pemasaran /</subfield>
      <subfield code="c">S.H. Rewoldt, J.D. Scott, M.R. Warshaw</subfield>
    </datafield>
    <datafield tag="260" ind1="#" ind2="#">
      <subfield code="a">Jakarta :</subfield>
      <subfield code="b">Rineka Cipta,</subfield>
      <subfield code="c">1995</subfield>
    </datafield>
    <datafield tag="300" ind1="#" ind2="#">
      <subfield code="a">120 halaman :</subfield>
      <subfield code="b">ilus ;</subfield>
      <subfield code="c">20,5 cm</subfield>
    </datafield>
    <datafield tag="650" ind1="#" ind2="4">
      <subfield code="a">Marketing</subfield>
    </datafield>
    <datafield tag="700" ind1=" " ind2="#">
      <subfield code="a">J.D. Scott, M.R. Warshaw</subfield>
    </datafield>
    <datafield tag="520" ind1="#" ind2="#">
      <subfield code="a">Barangkali sekarang pun sebagian orang masih berpendapat bahwa keahlian pemasaran kurang penting. Pendapat ini merupakan sisa pemikiran masa lalu, ketika barang-barang yang dihasilkan oleh para petani, pengusaha, dan pabrik belum banyak, sehingga apa saja yang dihasilkan oleh mereka akan dapat terjual dengan mudah. Pada waktu itu demand (permintaan) jauh lebih banyak daripada supply (penawaran). Tetapi sejak lahirnya produksi secara massal  atau besar-besaran dengan ban berjalan dan dengan economies of scale, maka terjadilah hal yang sebaliknya. Sekarang produksi jauh lebih besar sehingga penawaran pun jauh lebih besar daripada permintaan. Lagi pula perusahaan besar yang memproduksi barang secara besar-besaran banyak pula, sehingga persaingan pun semakin keras.</subfield>
    </datafield>
    <datafield tag="990" ind1="#" ind2="#">
      <subfield code="a">04108681</subfield>
    </datafield>
    <datafield tag="990" ind1="#" ind2="#">
      <subfield code="a">04108682</subfield>
    </datafield>
    <datafield tag="990" ind1="#" ind2="#">
      <subfield code="a">04108683</subfield>
    </datafield>
  </record>
</collection>
